| 000 | 00664cam a2200205Ma 4500 | ||
|---|---|---|---|
| 999 |
_c1213 _d1213 |
||
| 001 | 814448779 | ||
| 003 | OCoLC | ||
| 005 | 20180908141935.0 | ||
| 008 | 990207s1944 mou 000 0 eng d | ||
| 035 | _a(OCoLC)814448779 | ||
| 040 |
_aLQ4 _cLQ4 _dOCLCO _dCIRBC |
||
| 082 |
_a242 _bH2932S |
||
| 092 | 0 |
_a248 _bH2932 |
|
| 100 | 1 |
_aHarper, A. F. _q(Albert Foster), _d1907- |
|
| 245 | 1 | 4 |
_aThe story of ourselves : _ba study for teachers and parents--co-workers with God in the creation of Christian personality / _cby A. F. Harper. |
| 260 |
_aKansas City, MO : _bBeacon Hill Press, _c1944. |
||
| 300 |
_a232 p. ; _c19 cm. |
||
| 650 | 0 | 0 | _aChristian life. |
| 942 |
_2ddc _cBK |
||